Keris Indah : Koleksi Diraja Keris Nusantara Duli Yang Maha Mulia Sultan Sharafuddin Idris Shah Ibni Almarhum Sultan Salahuddin Abdul Aziz Shah Alhaj = Exquisite Keris : A ROYAL COLLECTION OF ARCHIPELAGO KERISES of His Royal Highness Sultan Sharafuddin Idris Shah Ibhi Almarhum Sultan Salahuddin Abdul Aziz Shah Alhaj

Bibliographic Details
Main Author: Abdul Mua'ti@Zamri Ahmad (Author)
Format: Book
Language:Malay
Published: Serdang, Selangor : Penerbit Universiti Putra Malaysia 2020
Edition:First edition
Subjects:

MARC

LEADER 00000cam a2200000 7i4500
001 0000029662
005 20241128.0
008 211230 my o may
020 |a 9789672395386 
040 |a INS   |b eng   |e rda 
090 0 0 |a U856.M4.S43   |b A234 2020 
100 0 |a Abdul Mua'ti@Zamri Ahmad ,   |e author 
245 1 0 |a Keris Indah :   |b Koleksi Diraja Keris Nusantara Duli Yang Maha Mulia Sultan Sharafuddin Idris Shah Ibni Almarhum Sultan Salahuddin Abdul Aziz Shah Alhaj = Exquisite Keris : A ROYAL COLLECTION OF ARCHIPELAGO KERISES of His Royal Highness Sultan Sharafuddin Idris Shah Ibhi Almarhum Sultan Salahuddin Abdul Aziz Shah Alhaj   |c Abdul Mua'ti@Zamri Ahmad 
250 |a First edition 
264 1 |a Serdang, Selangor :   |b Penerbit Universiti Putra Malaysia   |c 2020 
264 4 |c ©2020 
300 |a xiii, 178 pages :   |b colour photographs ;   |c 27 cm. 
336 |a text  |2 rdacontent 
337 |a unmediated  |2 rdamedia 
338 |a volume  |2 rdacarrier 
504 |a Includes bibliographical references and index 
650 0 |a Daggers   |z Malaysia 
650 0 |a Government publications   |z Malaysia 
650 0 |a Keris   |z Malaysia 
650 0 |a Weapons   |z Malaysia 
999 |a 1000004346   |b BOOK   |c Open Shelf   |e Default branch